Microbiology : (Record no. 19116)
[ view plain ]
| 000 -LEADER | |
|---|---|
| fixed length control field | 00936cam a22002891a 4500 |
| 001 - CONTROL NUMBER | |
| control field | 016110454 |
| 003 - CONTROL NUMBER IDENTIFIER | |
| control field | OSt |
| 005 - DATE AND TIME OF LATEST TRANSACTION | |
| control field | 20150325120824.0 |
| 008 - FIXED-LENGTH DATA ELEMENTS--GENERAL INFORMATION | |
| fixed length control field | 120626t2012 nyua f bd 001 0 eng |
| 020 ## - INTERNATIONAL STANDARD BOOK NUMBER | |
| International Standard Book Number | 9780071316132 |
| 020 ## - INTERNATIONAL STANDARD BOOK NUMBER | |
| International Standard Book Number | 0071316132 |
| 040 ## - CATALOGING SOURCE | |
| Original cataloging agency | Uk |
| Language of cataloging | eng |
| Transcribing agency | Uk |
| Modifying agency | EG-ScBUE |
| 082 00 - DEWEY DECIMAL CLASSIFICATION NUMBER | |
| Classification number | 616.9041 |
| Item number | MIC |
| Edition number | 22 |
| 245 00 - TITLE STATEMENT | |
| Title | Microbiology : |
| Remainder of title | a human perspective / |
| Statement of responsibility, etc | Eugene W. Nester ... [et al.] |
| 250 ## - EDITION STATEMENT | |
| Edition statement | 7th ed., McGraw-Hill international ed. |
| 260 ## - PUBLICATION, DISTRIBUTION, ETC. (IMPRINT) | |
| Place of publication, distribution, etc | New York : |
| Name of publisher, distributor, etc | McGraw-Hill, |
| Date of publication, distribution, etc | c.2012. |
| 300 ## - PHYSICAL DESCRIPTION | |
| Extent | [Various pagings] : |
| Other physical details | ill. (col.) ; |
| Dimensions | 28 cm. |
| 500 ## - GENERAL NOTE | |
| General note | Includes appendix. |
| 500 ## - GENERAL NOTE | |
| General note | Includes glossary. |
| 500 ## - GENERAL NOTE | |
| General note | international student edition is for use outside the U.S. |
| 504 ## - BIBLIOGRAPHY, ETC. NOTE | |
| Bibliography, etc | Includes bibliographical references and index. |
| 650 #0 - SUBJECT ADDED ENTRY--TOPICAL TERM | |
| Topical term or geographic name as entry element | Microbiology. |
| 9 (RLIN) | 23968 |
| 653 ## - INDEX TERM--UNCONTROLLED | |
| Resource For college | Pharmacy |
| Arrived date list | March2015 |
| 655 ## - INDEX TERM--GENRE/FORM | |
| Form subdivision | |
| -- | 33728 |
| 700 1# - ADDED ENTRY--PERSONAL NAME | |
| Personal name | Nester, Eugene W. |
| 9 (RLIN) | 37476 |
| 942 ## - ADDED ENTRY ELEMENTS (KOHA) | |
| Source of classification or shelving scheme | Dewey Decimal Classification |
| Call number prefix | 616.9041 MIC |
| Withdrawn status | Item status | Source of classification or shelving scheme | Damaged status | Not for loan | Vendor | Home library | Current library | Shelving location | Date acquired | Source of acquisition | Total Checkouts | Full call number | Barcode | Date last seen | Koha item type | Total Renewals | Date last borrowed |
|---|---|---|---|---|---|---|---|---|---|---|---|---|---|---|---|---|---|
| Dewey Decimal Classification | Baccah | Central Library | Central Library | First floor | 25/03/2015 | 616.9041 MIC | 000037776 | 15/07/2025 | NB - Book (Non borrowing) | ||||||||
| Dewey Decimal Classification | Baccah | Central Library | Central Library | First floor | 25/03/2015 | 1 | 616.9041 MIC | 000037775 | 15/07/2025 | Book - Borrowing | 8 | 30/11/2019 | |||||
| Dewey Decimal Classification | Baccah | Central Library | Central Library | First floor | 25/03/2015 | 616.9041 MIC | 000037774 | 15/07/2025 | Book - Borrowing | ||||||||
| Dewey Decimal Classification | Baccah | Central Library | Central Library | First floor | 25/03/2015 | 1 | 616.9041 MIC | 000037773 | 15/07/2025 | Book - Borrowing | 1 | 30/09/2015 | |||||
| Dewey Decimal Classification | Baccah | Central Library | Central Library | First floor | 25/03/2015 | 616.9041 MIC | 000037772 | 15/07/2025 | Book - Borrowing | ||||||||
| Dewey Decimal Classification | Baccah | Central Library | Central Library | First floor | 25/03/2015 | 616.9041 MIC | 000037771 | 15/07/2025 | Book - Borrowing | ||||||||
| Dewey Decimal Classification | Baccah | Central Library | Central Library | First floor | 25/03/2015 | 616.9041 MIC | 000037801 | 15/07/2025 | Book - Borrowing | ||||||||
| Dewey Decimal Classification | Baccah | Central Library | Central Library | First floor | 25/03/2015 | 1 | 616.9041 MIC | 000037800 | 15/07/2025 | Book - Borrowing | 06/04/2016 | ||||||
| Dewey Decimal Classification | Baccah | Central Library | Central Library | First floor | 25/03/2015 | 616.9041 MIC | 000037799 | 15/07/2025 | Book - Borrowing | ||||||||
| Dewey Decimal Classification | Baccah | Central Library | Central Library | First floor | 25/03/2015 | 3 | 616.9041 MIC | 000037798 | 17/11/2025 | Book - Borrowing | 8 | 13/10/2025 |